What is the Covenant Code?

Saved in:  
Bibliographic Details
Main Author: Westbrook, Raymond 1946-2009 (Author)
Contributors: Levinson, Bernard M. 1952- (Other)
Format: Print Article
Language:English
Check availability: HBZ Gateway
Interlibrary Loan:Interlibrary Loan for the Fachinformationsdienste (Specialized Information Services in Germany)
Published: 1994
In: Theory and method in biblical and cuneiform law
Year: 1994, Pages: 15-36
RelBib Classification:HB Old Testament
Further subjects:B Exodus

MARC

LEADER 00000caa a22000002c 4500
001 1588882357
003 DE-627
005 20221118095454.0
007 tu
008 190311s1994 xx ||||| 00| ||eng c
020 |a 1850754985 
035 |a (DE-627)1588882357 
035 |a (DE-576)518882357 
035 |a (DE-599)BSZ518882357 
040 |a DE-627  |b ger  |c DE-627  |e rakwb 
041 |a eng 
084 |a 1  |a 0  |2 ssgn 
100 1 |0 (DE-588)122321928  |0 (DE-627)621551775  |0 (DE-576)165198044  |4 aut  |a Westbrook, Raymond  |d 1946-2009 
109 |a Westbrook, Raymond 1946-2009 
245 1 0 |a What is the Covenant Code? 
264 1 |c 1994 
336 |a Text  |b txt  |2 rdacontent 
337 |a ohne Hilfsmittel zu benutzen  |b n  |2 rdamedia 
338 |a Band  |b nc  |2 rdacarrier 
630 0 7 |0 (DE-588)4207853-2  |0 (DE-627)10511698X  |0 (DE-576)21018292X  |a Bundesbuch  |2 gnd 
652 |a HB 
700 1 |0 (DE-588)136346855  |0 (DE-627)581093690  |0 (DE-576)169134091  |4 oth  |a Levinson, Bernard M.  |d 1952- 
773 0 8 |i In  |t Theory and method in biblical and cuneiform law  |d Sheffield : Sheffield Academic Press, 1994  |g (1994), Seite 15-36  |h 207 S.  |w (DE-627)171608585  |w (DE-576)041922646  |z 1850754985  |7 nnam 
773 1 8 |g year:1994  |g pages:15-36 
935 |a BIIN 
951 |a AR 
BIB |a 1 
BIR |a 29020022_29023033  |b biblesearch 
ELC |b 1 
ITA |a 1  |t 1 
LOK |0 000 xxxxxcx a22 zn 4500 
LOK |0 001 3058486251 
LOK |0 003 DE-627 
LOK |0 004 1588882357 
LOK |0 005 20190311185714 
LOK |0 008 190311||||||||||||||||ger||||||| 
LOK |0 035   |a (DE-Tue135-1)59016 
LOK |0 040   |a DE-Tue135-1  |c DE-627  |d DE-Tue135-1 
LOK |0 852   |a DE-Tue135-1 
LOK |0 852 1  |c UB073135/181S/AT/WKR  |m p  |9 00 
LOK |0 852 2  |b D 7  |9 00 
LOK |0 935   |a iSWA 
LOK |0 936ln  |0 1442044128  |a HB 
LOK |0 938   |k p 
LOK |0 939   |a 11-03-19  |b l12 
ORI |a SA-MARC-ixtheoa001.raw 
REL |a 1 
STA 0 0 |a Exodus,Book of the Covenant,Covenant,Covenant code 
SUB |a BIB  |a REL 
SYD 0 0 |a Bibel,Exodus,20,22-23,33